000 00974nam a22003137a 4500
001 7454
003 FISKH
005 20250716110623.0
008 250716b cb ||||| |||| 00| 0 eng d
020 _a9780545377638
040 _aFISKH
_beng
_cFISKH
_dFISKH
050 _aPZ7.B447547 S
082 _a813.54
100 _aKelly, Jamie
245 _aDear dumb diary, year two :
_bThe super-nice are super-annoying /
_cBy Jamie Kelly
250 _aFirst printing , June 2012
260 _aNew York :
_bScholastic,
_c2012.
300 _a125 pages :
_billustrations ;
_c20 cm .
490 _aDear Dumb Diary Year Two
_v2
505 _aW
520 _aJamie's struggles continue with school issues, grades, and getting along with others.
521 8 _a880
_bLexile
521 8 _aW
_bRaz-Plus
650 _aSchool stories
_vFiction
650 _aDiary
_vFiction
700 _aBenton, Jim
_eIllustrator
942 _2ddc
_cBK
_n0
999 _c7454
_d7454